=LDR 00000nam 2200000 4500 =001 INLIS000000000024449 =005 20180409100055 =035 ##$$a 0010-061300000024449 =008 180409###########################0#ind## =041 ##$$a Ind =082 ##$$a 400.7 =090 ##$$a 400.7, Sub m =100 ##$$a Subyakto, Sri Utari =245 1#$$a Metodologi pengajaran bahasa, /$c Sri Utari Subyakto =260 ##$$a Jakarta :$b Gramedia,$c 1993 =300 ##$$a 268 hlm, ; $c 21 cm =650 ##$$a Bahasa - pengajaran =850 ##$$a NBPNMAT =084 ##$$a 400.7 SUB m =990 ##$$a 00090001/BPAP-NTB/2016 =990 ##$$a 01201806355